000 00587nam a2200193Ia 4500
008 140321s9999 xx 000 0 und d
020 _a9780240812939
050 _aPN 1992.75
_b.C87 2010
100 _aCury, Ivan
245 _aDirecting and production for television :
_ba format approach /
_cIvan Cury.
250 _a4th ed.
260 _aNew York :
_bELSEVIER,
_cc2011.
300 _a300 p. :
_bill. ;
_c28 cm.
500 _aIncludes bibliographical references and index.
521 _aMA
650 _aTelevision-production and direction.
942 _kFOR
_cBK
999 _c48667
_d48667